Ως εν παρόδω
Αποθηκεύτηκε σε:
| Κύριος συγγραφέας: | |
|---|---|
| Μορφή: | Βιβλίο |
| Γλώσσα: | Greek |
| Δημοσίευση: |
Αθήνα :
[χ.ό.],
2004
|
| Θέματα: | |
| Ετικέτες: |
Προσθήκη ετικέτας
Δεν υπάρχουν, Καταχωρήστε ετικέτα πρώτοι!
|
MARC
| LEADER | 00000cam a2200000 i 4500 | ||
|---|---|---|---|
| 001 | 1/27463 | ||
| 008 | 060403s2004 gre d | ||
| 020 | |a 960-92420-0-6 | ||
| 035 | |l 10083411 | ||
| 040 | |a GR-MY-UA |b gre |e aacr | ||
| 041 | 0 | |a gre | |
| 082 | 0 | |a 780.92 |2 (22) | |
| 100 | 1 | |a Δάλκος, Κωνσταντίνος Ιω. | |
| 245 | 1 | 0 | |a Ως εν παρόδω / |c Κ.Ι. Δάλκος |
| 260 | |a Αθήνα : |b [χ.ό.], |c 2004 | ||
| 300 | |a 77 σ.; |c 22 εκ. | ||
| 500 | |a Με: Φράντς Λιστ / M.D. Calvokoressi. - Όταν σκέφτομαι τον θάνατο / Κικέρων. - Τέσσερις λόγοι κατά Κατιλίνα, οι λόγοι για τον Μάρκελλο και τον Λιγάριο / Κικέρων | ||
| 650 | 0 | 0 | |a Poetry |x Collections. |
| 650 | 0 | 0 | |a Greek poetry, Modern. |
| 852 | |a INST |b RHODES |c KRI |e 20060403 |h 780.92 ΚΑΛ |p 005400021081 |q 005400021081 |t BK |y 0 | ||
| 901 | |a BIBL4-2006-1 | ||
| 909 | |a Ρ |b 122869 | ||
| 970 | |a ΚΟΖΑ |b ΜΑΡΙΑ |z 2006/04/03 | ||